000 00641nam a2200193Ii 4500
003 JO-AjNU
008 230605s9999||||xx |||||||||||||| ||und||
040 _aJO-AjNU
_bara
_erda
_cJO-AjNU
041 _aara
050 1 4 _aHM101 2004
100 3 _aكبة، لمياء,
_eauthor
_935665
245 0 0 _a99نصيحة ونصيحة فونج شوي لحياة افضل
264 3 1 _aد.م: د.ن، 2004
300 _a107ص
_bيحتوي على ببلوغرافية من 104-107ص
336 _atext
_btxt
_2rdacontent
337 _aunmediated
_bn
_2rdamedia
338 _avolume
_bnc
_2rdacarrier
650 4 _aنصائح لحياة افضل
_935666
999 _aA14746
_c18314
_d18314